National bank of Greece annual report 1999
Gespeichert in:
| Format: | Buch |
|---|---|
| Sprache: | Englisch |
| Veröffentlicht: |
Athens
National Bank of Greece
[2000]
|
| Schlagworte: | |
| Tags: |
Keine Tags, Fügen Sie das erste Tag hinzu!
|
MARC
| LEADER | 00000nam a2200000 4500 | ||
|---|---|---|---|
| 001 | c119887 | ||
| 005 | 20221108083345.2 | ||
| 022 | |a 1108-6769 | ||
| 041 | 0 | |a eng | |
| 044 | |a GR | ||
| 245 | 1 | 0 | |a National bank of Greece |b annual report 1999 |
| 264 | 1 | |a Athens |b National Bank of Greece |c [2000] | |
| 300 | |a 121 s. | ||
| 610 | 2 | 0 | |a banky |
| 610 | 2 | 0 | |a bankovníctvo |
| 610 | 2 | 0 | |a stratégia podniková |
| 610 | 2 | 0 | |a pôžičky |
| 610 | 2 | 0 | |a trh kapitálový |
| 610 | 2 | 0 | |a služby bankové |
| 610 | 2 | 0 | |a služby finančné |
| 610 | 2 | 0 | |a spolupráca medzinárodná |
| 610 | 2 | 0 | |a poistenie |
| 610 | 2 | 0 | |a vývoj hospodársky |
| 610 | 2 | 0 | |a burzy |
| 610 | 2 | 0 | |a banky centrálne |
| 610 | 2 | 0 | |a investície |
| 610 | 2 | 0 | |a zákazníci |
| 610 | 2 | 0 | |a akcionári |
| 610 | 2 | 0 | |a manažment |
| 610 | 2 | 0 | |a bilancie |
| 610 | 2 | 0 | |a Grécko |